000 00480nam a2200181Ia 4500
008 230917s9999||||xx |||||||||||||| ||und||
020 _cRS445
040 _e230415
_aMAIN
041 _aEnglish
082 _a347.7 S38I(6)
100 _aSrivastava, S C
245 0 _aIndustrial relations and labour laws
250 _a6th ed.
260 _aNoida
_bVikas Publishing
_c2012
300 _ali, 739 p.
500 _a2252 14/01/2016 HBD15/1543 30/01/2016 Main Budget
942 _cBK
999 _c17363
_d17363